书目信息 |
| 题名: |
现代汉语资料选编
|
|
| 作者: | 罗常培 著 ;鲁允中 选编 | |
| 分册: | ||
| 出版信息: | 兰州 甘肃人民出版社 1981.06 |
|
| 页数: | 770页 | |
| 开本: | 21cm | |
| 丛书名: | ||
| 单 册: | ||
| 中图分类: | H194.3 | |
| 科图分类: | ||
| 主题词: | 汉语--语言教学 | |
| 电子资源: | ||
| ISBN: | ||
| 000 | 00926nam0 2200289 45 | |
| 001 | 0305211406 | |
| 005 | 20070730163954.29 | |
| 010 | @dCNY3.20 | |
| 091 | @a9096.18 | |
| 100 | @a20030521d1981 km y0chiy0120 ea | |
| 101 | 0 | @achi |
| 105 | @a z 001yy | |
| 200 | 1 | @a现代汉语资料选编@AXian Dai Han Yu Zi Liao Xuan Bian@f罗常培等著@FLuo Chang Pei Deng Zhu@g鲁允中等选编 |
| 210 | @a兰州@c甘肃人民出版社@d1981.06 | |
| 215 | @a770页@d21cm | |
| 320 | @a附录一 绪论部分论文索引 | |
| 320 | @a附录二 语音部分论文索引 | |
| 320 | @a附录五 语法部分论文索引 | |
| 320 | @a附录三 文字部分论文索引 | |
| 320 | @a附录四 词汇部分论文索引 | |
| 320 | @a附录六 修辞部分论文索引 | |
| 606 | 0 | @a汉语@x语言教学 |
| 690 | @aH194.3@v3 | |
| 701 | 0 | @a罗常培@Aluo chang pei@4著 |
| 702 | 0 | @a鲁允中@ALu Yun Zhong@4选编 |
| 801 | @aCN@bTSTC@c20070730 | |
| 905 | @dH194.3@e14@f1@b55495@f2@b55493-494@f1@b55487@f1@b55489@f1@b55498 | |
| 现代汉语资料选编/罗常培等著/鲁允中等选编.-兰州:甘肃人民出版社,1981.06 |
| 770页;21cm |
| ISBN :CNY3.20 |
| ● |
| 相关链接 |
|
|
|
|
正题名:现代汉语资料选编
索取号:H194.3/14
 
预约/预借
| 序号 | 登录号 | 条形码 | 馆藏地/架位号 | 状态 | 备注 |
| 1 | 0055485 | 001522837 | 密集书库/ [索取号:H194.3/14] | 在馆 | |
| 2 | 0055486 | 202320559 | 密集书库/ [索取号:H194.3/14] | 在馆 | |
| 3 | 0055487 | 000848131 | 第四借阅区/ [索取号:H194.3/14] | 在馆 | |
| 4 | 0055488 | 202320513 | 密集书库/ [索取号:H194.3/14] | 在馆 | |
| 5 | 0055489 | 000847784 | 第四借阅区/ [索取号:H194.3/14] | 在馆 | |
| 6 | 0055490 | 001909411 | 密集书库/ [索取号:H194.3/14] | 在馆 | |
| 7 | 0055491 | 001812104 | 密集书库/ [索取号:H194.3/14] | 在馆 | |
| 8 | 0055492 | 001909377 | 密集书库/ [索取号:H194.3/14] | 在馆 | |
| 9 | 0055493 | 000847864 | 第四借阅区/ [索取号:H194.3/14] | 在馆 | |
| 10 | 0055494 | 000847748 | 第四借阅区/ [索取号:H194.3/14] | 在馆 | |
| 11 | 0055495 | 000847908 | 第四借阅区/ [索取号:H194.3/14] | 在馆 | |
| 12 | 0055496 | 202320540 | 密集书库/ [索取号:H194.3/14] | 在馆 | |
| 13 | 0055497 | 202320504 | 密集书库/ [索取号:H194.3/14] | 在馆 | |
| 14 | 0055498 | 000847828 | 第四借阅区/ [索取号:H194.3/14] | 在馆 | |
| 15 | 0055499 | 000847702 | 第二样本阅览室/ [索取号:H194.3/14] | 在馆 | |
| 16 | 0435671 | 204356712 | 密集书库/ [索取号:H194.3/14] | 在馆 | |
| 17 | 0435672 | 204356721 | 密集书库/ [索取号:H194.3/14] | 在馆 | |
| 18 | 0462873 | 204628732 | 密集书库/ [索取号:H194.3/14] | 在馆 | |
| 19 | 0466856 | 204668564 | 密集书库/ [索取号:H194.3/14] | 在馆 | |
| 20 | 0787185 | 207871855 | 密集书库/ [索取号:H194.3/14] | 在馆 |